An investigation of three problems concerning the analysis of airborne asphalt fumes /

Bibliographic Details
Main Author: Laird, Larry Teal, 1952-
Format: Thesis eBook
Language:English
Published: [Place of publication not identified] : [publisher not identified] ; 1981.
Subjects:
Online Access:Link to OAKTrust copy

MARC

Tag First Indicator Second Indicator Subfields
LEADER 00000cam a2200000 a 4500
001 in00000071403
005 20220103134408.0
007 cr unu a
008 820226s1981 txua b 00010 eng d
035 |9 AAJ9736AM 
035 |a (OCoLC)08199431 
040 |a TXA  |c TXA  |d UtOrBLW 
049 |a TXAZ [Also in] [Archives]  |c 1 [1802633], 2 [1802634] 
099 |a 1981  |a Thesis  |a L188 
100 1 |a Laird, Larry Teal,  |d 1952- 
245 1 3 |a An investigation of three problems concerning the analysis of airborne asphalt fumes /  |c by Larry Teal Laird. 
264 1 |a [Place of publication not identified] :  |b [publisher not identified] ;  |c 1981. 
300 |a ix, 83 leaves :  |b illustrations ;  |c 29 cm. 
336 |a text  |b txt  |2 rdacontent 
337 |a computer  |b c  |2 rdamedia 
338 |a online resource  |b cr  |2 rdacarrier 
500 |a "Major subject: Industrial Hygiene." 
500 |a Typescript (photocopy). 
500 |a Vita. 
502 |b M.S.  |c Texas A&M University  |d 1981. 
504 |a Bibliography: leaves 40-46. 
530 |a Also available online. 
650 0 |a Air  |x Pollution. 
650 0 |a Asphalt concrete  |x Safety measures. 
650 0 |a Asphalt industry. 
650 0 |a Pavements, Asphalt concrete. 
650 4 |a Major industrial hygiene. 
856 4 1 |u https://hdl.handle.net/1969.1/ETD-TAMU-1981-THESIS-L188  |z Link to OAKTrust copy  |t 0 
999 |a MARS 
999 f f |s e3778e42-b6b8-3cd0-a8db-26580c5b20dd  |i 796e5198-2a3d-375c-8998-64f339b926ae  |t 0 
952 f f |p noncirc  |a Texas A&M University  |b J.J. Pickle Campus  |c High Density Repository  |s HDR  |d Remote Storage  |t 0  |e 1981 Thesis L188  |h Other scheme  |i computer -- online resource  |m A14841000278 
952 f f |a Texas A&M University  |b College Station  |c Electronic Resources  |s www_evans  |d Available Online  |t 0  |e 1981 Thesis L188  |h Other scheme 
998 f f |a 1981 Thesis L188  |t 0  |l Remote Storage 
998 f f |a 1981 Thesis L188  |t 0  |l Available Online